000 00382nam a22001457a 4500
003 OSt
008 250730b |||||||| |||| 00| 0 eng d
082 _a362.70954123
_bK96S
100 _aRiya Kumari
245 _a'Study on Sukanya Samriddhi Yojna in Samastipur Districe of Bihar"
260 _aRPCAU, Pusa
_bHSECM
_c2024
300 _a71
502 _bM.SC.(HSECM)
942 _2ddc
_cT
999 _c48638
_d48638